[Event "VAM Hoogeveen 2nd"]
[Site "Hoogeveen"]
[Date "1998.10.18"]
[Round "1"]
[White "Timman, Jan H"]
[Black "Polgar, Judit"]
[Result "0-1"]
[WhiteElo "2655"]
[BlackElo "2665"]
[Annotator "Tisdall,J"]
[PlyCount "84"]
[EventDate "1998.10.18"]
[EventType "tourn"]
[EventRounds "6"]
[EventCountry "NED"]
[EventCategory "14"]
[SourceTitle "EXT 1999"]
[Source "ChessBase"]
[SourceDate "1998.11.16"]
[SourceVersion "1"]
[SourceVersionDate "1998.11.16"]
[SourceQuality "1"]

1. d4 {Hansen,Cu} Nf6 2. c4 e6 3. Nc3 Bb4 4. Nf3 O-O 5. Bg5 {Hansen,Cu: 'This
was played in game 7 and 11 of the world-championship match between Karpov and
Kasparov in 1985. Karpov tried 5. - d6 and 5. - c5. The crucial point is which
pin plays the most important role in the strategical battle. The one on the /^
h4-d8 or the one on the /^ a5-e1. I would say the pin of Nf6 gains in strength
the moment black places his K on g8. However it seems Kasparov and Timman have
different opinions about how this should be exploited'} c5 6. d5 {Hansen,Cu:
'Timman may have played this because of his many games with the
Leningrad-variation (4.Lg5) where black normally does not castle so quickly.
In game 11 of the above mentioned match Kasparov preferred:'} (6. e3 {Hansen,Cu
} cxd4 7. exd4 h6 8. Bh4 d5 9. Rc1 {with some kind of Nimzoindian type of
position}) 6... d6 {Judit avoids the critical reaction in this type of
position, with an immediate kick of the bishop with ...h6. This and the gambit
reaction ...b5 is the combination of ideas that I imagine put most white
players off using this line more often. Play can easily transpose into one of
Timman's pet variations (the true Leningrad Nimzo, 4.Bg5), but there is
relatively little experience with this gambit with the inclusion of the moves
Nf3 and ...0-0.} (6... h6 7. Bh4 Bxc3+ (7... b5 $5 8. e3 Bb7 9. dxe6 fxe6 10.
cxb5 Qa5 11. Bxf6 Rxf6 12. Qd2 $6 (12. Qc1 $1 {is better, keeping the Ra1
protected and adding punch to an eventual a2-a3.}) 12... a6 13. bxa6 Nxa6 $6
$44 {1/2-1/2 Moskalenko,V-Lyrberg,P/Copenhagen 1995/CBM 47 ext (30)} (13...
Bxf3 $1 14. gxf3 Nc6 $1 $40 {[+] transposes into Timman-Ligterink, Wijk an Zee
1977.})) 8. bxc3 d6 9. e3 e5 10. Nd2 Nbd7 11. Bd3 Re8 12. Qc2 Nf8 (12... Qe7
13. f3 Nf8 14. O-O g5 15. Bf2 Kg7 16. f4 $5 e4 17. Be2 gxf4 18. Bh4 Ng6 19.
Bxf6+ Qxf6 20. Bh5 Bf5 $2 21. Bxg6 $16 {1-0 Riemersma,L-Tozer,R/Edinburgh 1989/
EXT 97 (60)}) 13. O-O g5 14. Bg3 Qe7 15. f3 Nh5 16. Bf2 Kg7 17. g4 Nf6 18. h3
Ng6 19. Bg3 Bd7 20. Rf2 $14 {0-1 Blagojevic,D-Milanovic,V/Belgrade 1989/EXT 97
(47)}) (6... b5 7. e3 Bb7 8. d6 $5 Qa5 $6 9. Bxf6 gxf6 10. Nd2 Bxc3 11. bxc3
Qxc3 12. cxb5 a6 13. Rc1 Qa3 14. b6 $16 {1-0 Kortschnoj,V-Larsen,B/Sousse 1967/
IZT (44)}) 7. Rc1 {Hansen,Cu: 'The normal Leningrad-Nimzoindian move would be:
'} (7. e3 Bxc3+ 8. bxc3 exd5 $5 9. cxd5 Bg4 10. Be2 Nbd7 11. O-O Re8 $132 {
1-0 Slipak,S-Tempone,M/Buenos Aires 1997/CBM 58 ext (25)}) (7. e3 {Hansen,Cu
but Timman probably fells that since black has "wasted a move" with castles -
he has the time to avoid the doubled c-pawns with the textmove}) 7... exd5 8.
cxd5 Nbd7 9. e3 (9. a3 Ba5 $6 10. Nd2 Nb6 11. e4 Re8 12. Bb5 Bd7 13. Bxd7 Nbxd7
14. O-O Qb8 15. Qa4 Bxc3 16. Rxc3 $14 {1-0 Barden,L-O'Hare,E/Varna 1962/MCD 
(35)}) 9... h6 10. Bh4 Qa5 11. Nd2 b5 $1 {Hansen,Cu: 'Black has to play as
active as possible. The basic idea of the Nimzoindian defence is to threaten
to give white a doubled c-P and to get better control over the central squares
- particulary e4. But now the P-structure is almost like in the Ben-Oni -
which means the black-squared B - from a positional point of view - is quite
misplaced on b4. However tactically Bb4 is still of good use for black as it
plays a role in putting pressure on d5.'} (11... Bxc3 12. bxc3 (12. Rxc3 $6
Nxd5 13. Ra3 Qb4 14. Bg3 Ne5 $5 {and white's compensation is not apparent.})
12... b5 {could be very similar to the game but there is no reason to
surrender the Bb4 so early or easily.} (12... Qxa2 13. Nc4 {[%csl Ra2]} (13.
Ra1 {Hansen,Cu} Qb2 14. c4 $44)) (12... Nxd5 $4 13. Nc4)) 12. Be2 Bb7 (12...
Bxc3 $5 {to grab the a-pawn looks playable, but also unnecessary;} 13. bxc3
Qxa2 14. Bg3 (14. Bxb5 Qxd5 15. Nf3 Qe6) 14... Ne5 (14... Qa6 $5) 15. c4 b4 16.
Bxe5 dxe5 17. Ra1 Qb2 18. Rb1 Qa3 19. Ra1 $11) 13. e4 Rae8 14. f3 (14. Qc2 {
[%csl Rd5,Re2][%cal Ge8e2] prevents the game continuation but leaves white
with a problem to solve regarding castling - the looseness of the Be2 means
that the d5 pawn is tactically weak.}) 14... Nh5 {'!' Hansen,Cu.} 15. O-O {
White finally gets his king to safety - with understandable relief as things
are about to happen on f4 and f5. Was} (15. Bxb5 {possible?} Bxc3 (15... Nf4
16. Bxd7 Nxg2+ (16... Nd3+ 17. Kf1 Nxc1 18. Qxc1) 17. Kf2 Nxh4 18. Nc4 Qd8 19.
Bxe8 Rxe8 {and black has some practical compensation for the exchange, but I
don't believe this is enough.}) 16. Bxd7 Bxb2 $1 {leads to very worrying
clouds gathering around the white king.} 17. Rb1 Nf4 18. Bxe8 Rxe8 $44 {
[%csl Rd4,Rg2][%cal Ga6f1,Gb7a6]} (18... Bd4 $5)) 15... Nf4 {Hansen,Cu: 'White
has been able to support the strong P-chain supporting the P-d5. However is
has given black certain possibilities on the K-side where Nf4 is now
well-placed and the thrust f7-f5 - to undermine whites center-Ps is now in the
air. The P-structure is - as mentioned before - like in a Ben-Oni and just
like in that opening the squares e5 and f4 make good outposts for blacks Ns '}
16. Nb3 Nxe2+ 17. Qxe2 Qa6 {Hansen,Cu: 'Tactically black manages to hang on to
his b5-P'} 18. Rfd1 (18. Qxb5 Bxc3 $17) (18. Nxb5 {is very complicated but
looks equally strange, walking into all sorts of pins in search of chaos.} Bxd5
(18... f5 $5) 19. Rfd1 {[%csl Rd6]} Nb6 $1 (19... Be6 20. Rxd6 Qxa2 21. Nc7 $1
Qxb3 22. Nxe6 $11) 20. Qf1 Qxa2 21. exd5 Qxb3 22. Nxd6 Re5 $17) 18... Bxc3 $1
19. bxc3 f5 {[%csl Ra2,Rd5,Re4][%cal Ra4h4,Re8e2] Now white's position comes
under pressure from far too many directions.   Hansen,Cu: 'The exchanges has
taken the dynamic out of whites position. His center is under attack and
because of the misplaced Nb3 there is no active continution. The conclusion of
the opening-battle seems to me to be: From a strategical point of view the
build-up of the white P-center f3-e4-d5 was a good idea. However that was only
possible by a extremely slow build-up Ra1-c1, Nf3-d2, e2-e3-e4. Blacks just
gained to much extra time and was tactically able to stop white from getting a
harmoniously setup of his minor-pieces.'} 20. Nd2 Qa4 (20... Bxd5 {was
possible;} 21. Qd3 (21. a4 $5) 21... Be6 22. a4 {creates some counterchances
so black rules even this out.}) 21. c4 Ba6 {[%csl Rd3][%cal Ga6e2,Gd7e5]} 22.
Bg3 {This induces black to give up the pressure against e4, but the time lost
means that bad things will still happen elsewhere. White's main headache is
keeping the black N out of d3.} (22. cxb5 Bxb5 23. Qe3 Ne5 $1 $17) 22... f4 23.
Be1 Ne5 {[%csl Rc4,Rd3] Hansen,Cu: 'Blacks domination of the white squares is
now much more important than the control of the black squares white might be
able to get one fine day.'} 24. Rc3 Rb8 {Black continues the unpleasant
practice of postponing strong moves in preference to maintaining the threat.
There was no obvious drawback with the direct} (24... bxc4 $5 {since} 25. Nb1 (
25. Ra1 {could transpose to the game.}) 25... Rb8 26. Ra3 {is refuted by} c3 $1
$19) 25. Ra1 bxc4 {The dreaded day has arrived for white, and d3 has fallen
decisively into enemy hands.} 26. Nb1 Nd3 27. Na3 Rb2 28. Qd1 Qxd1 29. Rxd1
Rfb8 30. Nxc4 Bxc4 31. Rxc4 Nxe1 32. Rxe1 Rxa2 $19 {The domination of the
second rank scores the point.} 33. g3 fxg3 34. hxg3 Rb3 35. e5 dxe5 36. Rd1
Rxf3 37. d6 Rxg3+ 38. Kh1 Rgg2 39. Rcc1 (39. d7 Rh2+ 40. Kg1 Rag2+ 41. Kf1 Rh1+
42. Kxg2 Rxd1) 39... Rh2+ 40. Kg1 Rag2+ 41. Kf1 Rd2 42. Kg1 Kf7 0-1

[Event "Dresden zt 1.2"]
[Site "Dresden"]
[Date "1998.05.06"]
[Round "8"]
[White "Alterman, Boris"]
[Black "Kurajica, Bojan"]
[Result "1-0"]
[WhiteElo "2615"]
[BlackElo "2580"]
[Annotator "Tisdall,J"]
[PlyCount "39"]
[EventDate "1998.04.28"]
[EventType "swiss"]
[EventRounds "11"]
[EventCountry "GER"]
[SourceTitle "CBM 065"]
[Source "ChessBase"]
[SourceDate "1998.08.06"]
[SourceVersion "1"]
[SourceVersionDate "1998.08.06"]
[SourceQuality "1"]

1. d4 Nf6 2. c4 e6 3. Nc3 Bb4 4. Nf3 b6 5. Qb3 c5 6. Bg5 h6 7. Bh4 Bb7 (7...
Nc6 8. O-O-O (8. d5 Na5 9. Qc2 Nxc4 (9... d6 10. e4 e5 11. Nd2 Nb7 12. f3 Bxc3
13. Qxc3 Nxe4 14. Bxd8 Nxc3 15. Bh4 Na4 16. O-O-O a6 17. Kc2 b5 18. cxb5 axb5
19. Bxb5+ Bd7 20. Bc6 Bxc6 21. dxc6 Na5 22. Ne4 Nxc6 23. Nxd6+ Kf8 24. Bf2 Nd4+
25. Bxd4 exd4 26. Rhe1 Rb8 27. b4 cxb4 28. Rxd4 Kg8 29. Re7 Kh7 30. Rxf7 Rhd8
31. Rc7 Nc3 32. Kb3 Ra8 33. Rd2 Nxa2 34. Rxa2 Rxa2 35. Kxa2 Rxd6 36. Kb3 Rd3+
37. Kxb4 Rd2 38. g4 Rxh2 39. Kc3 Rh3 40. Rf7 Kg8 41. Rf4 {1/2-1/2, Rytshagov
2525-Brouwer, Dieren op 1997}) 10. O-O-O Bxc3 11. Qxc3 exd5 (11... Na5 12. e4
O-O 13. e5 Ne4 14. Qe3 g5 15. Qxe4 exd5 16. Rxd5 {1-0, Peng 2370-Janssen 2350,
Hoogovens-B Wijk an Zee 1997}) 12. Rxd5 Na5 13. Rd6 Qc7 14. Rxf6 d5 15. Qe3+
Kf8 16. Bg3 {1-0, Miles 2595-Kalesis 2400, 7th Open Chania 1997}) 8... Ba6 (
8... Na5 $5 9. Qc2 cxd4 10. Ne4 Be7 11. Bxf6 gxf6 12. Nxd4 f5 13. Nc3 Bb7 14.
e3 Rc8 15. Kb1 a6 16. Rg1 Nxc4 17. g4 Be4 18. Bd3 Bxd3 19. Qxd3 fxg4 20. Qe4
Qc7 21. Rxg4 Nxb2 22. Rc1 Nc4 23. Qg2 Qc5 24. Nb3 Qa3 25. Rc2 Qd6 26. Rd4 Qc6
27. Qg7 Rf8 28. Rc1 Qf3 29. Ne4 {0-1, Pieterse-Douven, NLD-chT9495 1994}) 9. d5
Na5 10. Qc2 g5 11. Bg3 Bxc4 12. Ne5 Bxc3 13. Nxc4 Nxc4 14. Qxc3 b5 15. b3 Nb6
16. Be5 Nfxd5 17. Qf3 f6 18. Bd6 Kf7 19. e4 Nb4 20. Bxb5 a6 21. Be2 Nc8 22.
Bxc5 Qc7 23. Qh5+ Kg7 24. Kb1 Rb8 25. Rc1 Qe5 26. Qf3 a5 27. Rhd1 Rb7 28. Bd4
Qf4 29. e5 Nc6 30. exf6+ Kf7 31. Qxf4 gxf4 32. Bh5+ Kf8 33. Rxc6 dxc6 34. Bc5+
Kg8 35. Rd8+ Kh7 36. Rxh8+ Kxh8 37. f7 Rxf7 38. Bxf7) (7... g5 8. Bg3 Ne4 9. e3
cxd4 $5 (9... Bb7 10. Bd3 Bxc3+ 11. bxc3 Nxg3 12. hxg3 d6 13. d5 Nd7 14. a4 Ba6
15. Rd1 g4 16. Nd2 Ne5 17. Be2 Qe7 18. a5 Qb7 19. f4 gxf3 20. gxf3 exd5 21.
cxd5 Bxe2 22. Kxe2 b5 23. c4 a6 24. Rh5 Rb8 25. Qb2 f6 26. Ne4 Qe7 27. cxb5
Rxb5 28. Qc3 Kf8 29. Rf5 Kg7 30. Rxf6 Rb4 31. Re6 Qf7 32. Rxe5 dxe5 33. Qxe5+
Kh7 34. Rh1 Qg7 35. Qf5+ Qg6 36. Nf6+ Kg7 37. Nh5+ Kh7 38. Qd7+ Kg8 39. e4 Qf7
40. Qc8+ Kh7 41. Qxc5 Rb2+ 42. Ke3 Rb3+ 43. Kd4 Rhb8 44. Qd6 R8b4+ 45. Ke5 Qe8+
46. Qe6 Qb8+ 47. d6 Rb5+ 48. Kf4 Qf8+ 49. Nf6+ Kg7 50. Qe7+ Qf7 51. Qxf7+ Kxf7
52. Rxh6 Rxa5 53. e5 Raa3 54. Ne4 Rxf3+ 55. Kg4 Rfe3 56. Rf6+ Kg7 57. Kf4 Rf3+
58. Kg4 Rxf6 59. Nxf6 Kf7 60. Ne4 Ra1 61. Ng5+ Ke8 62. e6 Re1 63. Kf5 a5 64.
Nf7 Rf1+ 65. Kg6 Rd1 66. d7+ Rxd7 67. exd7+ Kxd7 68. Kf5 a4 69. Ne5+ Kd6 70.
Ke4 Kc5 71. Kd3 a3 72. Kc3 a2 73. Kb2 Kd4 74. Nf3+ {1-0, Pachman-Muse, Baden
Baden op 1987}) 10. Nxd4 $2 Na6 11. O-O-O Bxc3 12. bxc3 Nac5 13. Qc2 Nxg3 14.
hxg3 a6 15. Be2 Bb7 16. Bf3 Bxf3 17. gxf3 Qf6 18. f4 O-O-O 19. Nb3 Na4 20. Rd4
d6 21. Qe4 Kc7 22. Kc2 e5 23. Rd3 exf4 24. gxf4 Rhe8 25. Qf3 Nc5 26. Nxc5 dxc5
27. Rxd8 Rxd8 28. f5 Qd6 29. Qg3 Rh8 30. Qf3 Rd8 31. Qg3 Rh8 32. Rh5 b5 33. Kb3
Qxg3 34. fxg3 Kd6 35. a4 bxa4+ 36. Kxa4 Ke5 37. g4 Ke4 38. Rh3 Kd3 39. Ka5 Kxc3
40. Kxa6 Kxc4 41. Kb6 Kd5 42. Kc7 f6 43. Kd7 Rh7+ 44. Ke8 Ke5 45. Kf8 c4 46.
Kg8 Rc7 47. Rxh6 c3 {0-1, Luik-Henttinen, FIN-chT 1994}) 8. e3 Qe7 9. O-O-O
cxd4 10. exd4 Bxc3 11. Qxc3 d5 12. Kb1 O-O 13. Ne5 g5 $6 {A very risky
procedure - can black try to grab the g-pawn with his kingside more intact?} (
13... dxc4 14. Bxc4 Bxg2 (14... Rc8 $5 {not grabbing anything and not
weakening the kingside, looks solid and sensible.}) 15. Rhg1 Be4+ 16. Ka1 {
and black faces a strong attack:} Kh8 17. Qe3 Bh7 (17... g5 18. Rxg5 $1 hxg5
19. Qxg5 Bg6 20. Qh6+ Kg8 21. Rg1 $18) 18. Qf3 $16) 14. Bg3 dxc4 15. Bxc4 Rc8 {
[#] (2) 0.91/8} 16. h4 $1 {[#] (2) -1.03/4} Nd5 {[#] (2) 0.88/8} (16... Bxg2 {
again begs for trouble.} 17. Rhg1 Be4+ 18. Ka1 b5 19. hxg5 hxg5 20. Bf4 Nh7 (
20... bxc4 21. Bxg5 Bg6 (21... Kf8 22. Bxf6 Qxf6 23. Qb4+ Qe7 24. Rg8+) 22. Rh1
) 21. Qe3 bxc4 22. Bxg5 Nxg5 23. Rxg5+ Bg6 (23... Kf8 24. Rdg1 $18) 24. Nxg6
fxg6 25. Rxg6+ Kf7 (25... Kf8 26. Qh6+) 26. Rdg1 $18) (16... b5 17. hxg5 Ne4
18. Qe3 bxc4 19. g6) 17. Qd2 f6 {perforates his kingside further, but this
side of the board is already in need of first aid.} (17... Nc6 18. Ng4) 18.
hxg5 $1 hxg5 (18... fxe5 {at least gave some temporary material comfort for
the coming onslaught, but black's king is too exposed to many dangers to have
any real hope of survival.} 19. Rxh6 Nd7 (19... Rxc4 20. Bxe5 $18) 20. Rdh1 Qg7
21. Qe2 (21. Bb3 $5) 21... Rxc4 22. Qh5 (22. Qxc4 {is also very good.}) 22...
Nc3+ (22... Kf8 23. Rh8+ Ke7 24. Rh7 Qxh7+ (24... Nc3+ 25. Ka1) 25. Qxh7+ Kd6
26. Bxe5+ Kc6 27. g6 $18) 23. Ka1 Kf8 24. Rh8+ Ke7 25. Rh7) 19. Bxd5 Bxd5 $2 (
19... exd5 20. Rh6 fxe5 21. Bxe5 {and black cannot save his queen.}) 20. Rh8+
$1 (20. Rh8+ Kxh8 21. Ng6+) 1-0